Jiří Horák a slovenský národopis

Podrobná bibliografia
Hlavný autor: Michálek, Ján, 1932-2020 (Autor)
Médium: Článok
Jazyk:slovenčina
Fyzický popis:Obr. 2. Res. rus., nem.
Predmet:

MARC

LEADER 00000nab a2200000 a 4500
001 vtls000000913
003 SK-MaSNL
005 20260304060934.0
008 250422c1978 xo 0 slo
015 |a SNBRB19rr/mm-uuuuu 
035 |a CL0011005 
035 |a urn:nbn:sk:snk-ab2l 
035 |a (urnnbn)urn:nbn:sk:snk:ar-a03670 
035 |a (uuid)136eafbb-cbdf-4234-8256-01a58a62768f 
040 |a SNKBUCL  |b slo  |c SNKBUCL  |e AACR2 
041 0 |a slo 
044 |a xo  |c SK 
080 |a 39  |2 1981 
080 |a 92 Horák, Jiří  |2 1981 
100 1 |a Michálek, Ján,  |d 1932-2020  |4 aut  |9 221785 
245 1 0 |a Jiří Horák a slovenský národopis  |c Ján Michálek 
300 |b Obr. 2. Res. rus., nem. 
600 1 7 |a Horák, Jiří,  |d 1884-1975  |2 snkbucl  |9 112640 
650 0 7 |a národopis slovenský  |2 snkbucl  |9 950356 
655 7 |a články z novín a časopisov  |2 snkbucl  |9 267496 
773 0 |t Slovenský národopis  |g Roč. 26, č. 1 (1978), s. 39-50 
850 |a Slovenská národná knižnica 
852 |a Slovenská národná knižnica 
954 |a odborná, vedecká literatúra pôvodná (slovenská)  |2 lita 
958 |a article27 
958 |a RK 
958 |a OND 
958 |a EUIPO 
992 |a RBX 
999 |c 2730720  |d 2732650